Compilation of agricultural research, education, and extension questions for discussion /

Bibliographic Details
Corporate Authors: United States, ProQuest (Firm), United States. Congress. House. Committee on Agriculture
Format: Government Document eBook
Language:English
Published: Washington : U.S. G.P.O. : 1995.
Series:U.S. Congressional Research.
Subjects:
Online Access:Connect to the full text of this electronic book

MARC

Tag First Indicator Second Indicator Subfields
LEADER 00000cam a22000001a 4500
001 in00003273213
006 m d f
007 cr bn mmmapmmp
008 101011s1995 dcu o f000 0 eng d
005 20260430223022.8
035 |a cis2007818190 
040 |a LexisNexis  |c LexisNexis  |d UtOrBLW 
043 |a n-us--- 
074 |a 1010-A 
074 |a 1010-B (MF) 
086 0 |a Y 4.AG 8/1:AG 8/37 
099 |a CMP-1995-HAG-0003 
110 1 |a United States. 
245 1 0 |a Compilation of agricultural research, education, and extension questions for discussion /  |c prepared by the staff, Committee on Agriculture, U.S. House of Representatives. 
264 1 |a Washington :  |b U.S. G.P.O. :  |c 1995. 
264 2 |a Washington :  |b For sale by the U.S. G.P.O., Supt. of Docs., Congressional Sales Office, 
300 |a 1 online resource. 
336 |a text  |b txt  |2 rdacontent 
337 |a computer  |b c  |2 rdamedia 
338 |a online resource  |b cr  |2 rdacarrier 
500 |a Record is based on bibliographic data in LexisNexis U.S. Congressional Research Digital Collection. Reuse except for individual research requires license from LexisNexis. 
500 |a Electronic resource. 
650 0 |a Agriculture  |x Research  |z United States. 
650 0 |a Agricultural education  |z United States. 
650 0 |a Agriculture  |x Economic aspects  |z United States. 
650 0 |a Agriculture and state  |z United States. 
655 7 |a Electronic books.  |2 local 
710 2 |a ProQuest (Firm) 
710 1 |a United States.  |b Congress.  |b House.  |b Committee on Agriculture. 
776 0 8 |i Print version:   |a United States.  |t Compilation of agricultural research, education, and extension questions for discussion  |w (DGPO)96064967  |w (OCoLC)34123126 
776 0 8 |i Microfiche version:   |a United States.  |t Compilation of agricultural research, education, and extension questions for discussion   |d [Bethesda, Md.] :LexisNexis Academic & Library Solutions,1995.   |o CIS 95 H162-3  |w (LexisNexis)cis09500047 
830 0 |a U.S. Congressional Research. 
856 4 0 |u http://proxy.library.tamu.edu/login?url=https://congressional.proquest.com/congcomp/getdoc?CRDC-ID=CMP-1995-HAG-0003  |z Connect to the full text of this electronic book  |t 0 
998 |a cis09500047 
999 |a MARS 
999 f f |s 2096b97a-cfe2-362c-9798-bb1d42c8440f  |i ce4d0191-f270-3eda-8a93-ac6c787e9fa2  |t 0 
952 f f |a Texas A&M University  |b College Station  |c Electronic Resources  |s www_evans  |d Available Online  |t 0  |e CMP-1995-HAG-0003  |h Other scheme 
998 f f |a CMP-1995-HAG-0003  |t 0  |l Available Online